[Event "Zagreb Open 2010 Grupo B"]
[Site "Zagreb CRO"]
[Date "2010.02.25"]
[Round "1.1"]
[White "Kristovic, Marijan"]
[Black "Valkovic, Kristian"]
[Result "1-0"]
[WhiteElo "2294"]
[BlackElo "2024"]
[PlyCount "49"]
[EventDate "2010.02.25"]
[EventType "swiss"]
[EventRounds "9"]
[EventCountry "CRO"]
[Source "lmi"]
[SourceDate "2010.02.25"]

1. e4 e6 2. Nf3 d5 3. Nc3 d4 4. Ne2 c5 5. c3 dxc3 6. Nxc3 Nc6 7. Bb5 Bd7 8. O-O
Nd4 9. Bxd7+ Qxd7 10. Ne5 Qc7 11. Qa4+ Nc6 12. d4 cxd4 13. Nxc6 Qxc6 14. Nb5
Rc8 15. Bf4 a6 16. Rac1 axb5 17. Rxc6 bxc6 18. Qa6 Ne7 19. Rd1 f6 20. Bd6 Kf7
21. Rxd4 e5 22. Rd3 Rd8 23. Qa3 Ng8 24. Qb3+ Kg6 25. Rg3+ 1-0

[Event "Zagreb Open 2010 Grupo B"]
[Site "Zagreb CRO"]
[Date "2010.02.25"]
[Round "1.2"]
[White "Gabelica, Damir"]
[Black "Durovic, Goran"]
[Result "0-1"]
[WhiteElo "2022"]
[BlackElo "2276"]
[PlyCount "40"]
[EventDate "2010.02.25"]
[EventType "swiss"]
[EventRounds "9"]
[EventCountry "CRO"]
[Source "lmi"]
[SourceDate "2010.02.25"]

1. d4 Nf6 2. c4 e6 3. Nc3 Bb4 4. Qc2 O-O 5. a3 Bxc3+ 6. Qxc3 Nc6 7. Nf3 Ne4 8.
Qc2 d5 9. g3 e5 10. dxe5 Bf5 11. Qa4 a6 12. Bg2 Nc5 13. Qd1 dxc4 14. Qxd8 Raxd8
15. Bg5 f6 16. exf6 gxf6 17. Be3 Nb3 18. Rd1 Rxd1+ 19. Kxd1 Rd8+ 20. Ke1 Be4
0-1

[Event "Zagreb Open 2010 Grupo B"]
[Site "Zagreb CRO"]
[Date "2010.02.25"]
[Round "1.3"]
[White "Petrovic, Zvonko"]
[Black "Colakic, Tomislav"]
[Result "1-0"]
[WhiteElo "2262"]
[BlackElo "2016"]
[PlyCount "73"]
[EventDate "2010.02.25"]
[EventType "swiss"]
[EventRounds "9"]
[EventCountry "CRO"]
[Source "lmi"]
[SourceDate "2010.02.25"]

1. Nf3 Nf6 2. g3 d5 3. Bg2 Nbd7 4. d4 c5 5. O-O cxd4 6. Qxd4 e6 7. c4 Bc5 8.
Qh4 O-O 9. Nc3 Be7 10. cxd5 Nxd5 11. Qc4 N7b6 12. Qb3 Nxc3 13. bxc3 Bd7 14. a4
Bc6 15. a5 Bd5 16. Qc2 Nc4 17. e4 Bc6 18. Bf4 g5 19. Rfd1 gxf4 20. Rxd8 Raxd8
21. gxf4 Kh8 22. Nd4 Bd7 23. e5 Rg8 24. h3 Bc5 25. Kh2 Rg7 26. Bxb7 Rb8 27. a6
Rbg8 28. Nb3 Be7 29. Qe2 Nb6 30. c4 Ba4 31. Nd4 Bc5 32. Nb5 Bb3 33. Rc1 Ba4 34.
Nd6 h6 35. Qh5 Kh7 36. Nxf7 Rg6 37. Be4 1-0

[Event "Zagreb Open 2010 Grupo B"]
[Site "Zagreb CRO"]
[Date "2010.02.25"]
[Round "1.4"]
[White "Kozina, Zdenko"]
[Black "Pecnik, Leo"]
[Result "1/2-1/2"]
[WhiteElo "2003"]
[BlackElo "2261"]
[PlyCount "47"]
[EventDate "2010.02.25"]
[EventType "swiss"]
[EventRounds "9"]
[EventCountry "CRO"]
[Source "lmi"]
[SourceDate "2010.02.25"]

1. d4 Nf6 2. Nf3 g6 3. c4 Bg7 4. Nc3 O-O 5. e4 d6 6. Be2 e5 7. O-O Nc6 8. dxe5
dxe5 9. Qxd8 Rxd8 10. Bg5 Be6 11. Nd5 Bxd5 12. cxd5 Nb8 13. Bb5 c6 14. dxc6
bxc6 15. Ba4 h6 16. Rfd1 Rxd1+ 17. Rxd1 hxg5 18. Rd8+ Bf8 19. Nxe5 Nxe4 20.
Nxc6 Kg7 21. Nxb8 Bd6 22. Bc6 Rxb8 23. Rxb8 Bxb8 24. Bxe4 1/2-1/2

[Event "Zagreb Open 2010 Grupo B"]
[Site "Zagreb CRO"]
[Date "2010.02.25"]
[Round "1.5"]
[White "Urukalovic, Roman"]
[Black "Spelec, Darko"]
[Result "0-1"]
[WhiteElo "2260"]
[BlackElo "2000"]
[PlyCount "64"]
[EventDate "2010.02.25"]
[EventType "swiss"]
[EventRounds "9"]
[EventCountry "CRO"]
[Source "lmi"]
[SourceDate "2010.02.25"]

1. e4 e6 2. d4 d5 3. Nd2 h6 4. Bd3 Nf6 5. e5 Nfd7 6. Ne2 c5 7. c3 Nc6 8. O-O
Qb6 9. Nf3 g5 10. Bc2 Be7 11. b3 cxd4 12. cxd4 Qd8 13. Ne1 h5 14. Be3 b6 15. a3
a5 16. Nc3 Ba6 17. Bd3 Bxd3 18. Qxd3 O-O 19. Qd1 Kg7 20. Qxh5 Rh8 21. Qd1 Rc8
22. Nb5 Nf8 23. Nd3 Ng6 24. g3 Rh3 25. f3 Qh8 26. Ra2 Qh7 27. Qe2 Rh8 28. Qf2
f5 29. exf6+ Bxf6 30. Rc1 Nge7 31. Re2 Qxd3 32. Nc7 Kf7 0-1

[Event "Zagreb Open 2010 Grupo B"]
[Site "Zagreb CRO"]
[Date "2010.02.25"]
[Round "1.6"]
[White "Brajkovic, Zeljko"]
[Black "Mihalinec, Damir"]
[Result "0-1"]
[WhiteElo "1997"]
[BlackElo "2232"]
[PlyCount "102"]
[EventDate "2010.02.25"]
[EventType "swiss"]
[EventRounds "9"]
[EventCountry "CRO"]
[Source "lmi"]
[SourceDate "2010.02.25"]

1. d4 Nf6 2. c4 g6 3. Nc3 d5 4. Nf3 Bg7 5. Bg5 Ne4 6. cxd5 Nxg5 7. Nxg5 e6 8.
Nf3 exd5 9. e3 a5 10. Be2 O-O 11. O-O Nc6 12. Qb3 Ne7 13. Rac1 c6 14. Na4 Nf5
15. Qb6 Qe7 16. Rc5 Nxd4 17. Nxd4 Bxd4 18. exd4 Qxe2 19. Rxa5 Rxa5 20. Qxa5 Re8
21. Qc3 Bf5 22. Nc5 Re7 23. h3 h5 24. Qb4 g5 25. Nxb7 g4 26. hxg4 hxg4 27. Na5
Re6 28. Qc3 Bd3 29. Qc1 Qxf1+ 30. Qxf1 Bxf1 31. Kxf1 Kf8 32. b4 Ke7 33. a4 Kd6
34. Nb7+ Kc7 35. Nc5 Re7 36. Na6+ Kb7 37. Nc5+ Kb6 38. g3 Kc7 39. Na6+ Kb7 40.
Nc5+ Kb6 41. Kg2 Re1 42. Nd7+ Kc7 43. Nf6 Rd1 44. b5 Rxd4 45. bxc6 Kxc6 46. a5
Kb5 47. Kf1 Kxa5 48. Ke2 Kb4 49. Ng8 Re4+ 50. Kd3 Re6 51. Kd4 Kb3 0-1

[Event "Zagreb Open 2010 Grupo B"]
[Site "Zagreb CRO"]
[Date "2010.02.25"]
[Round "1.8"]
[White "Dotlic, Zdravko"]
[Black "Lasic, Luka"]
[Result "0-1"]
[WhiteElo "1996"]
[BlackElo "2222"]
[PlyCount "106"]
[EventDate "2010.02.25"]
[EventType "swiss"]
[EventRounds "9"]
[EventCountry "CRO"]
[Source "lmi"]
[SourceDate "2010.02.25"]

1. e4 d6 2. d4 Nf6 3. Nc3 Nbd7 4. f4 e5 5. Nf3 exd4 6. Qxd4 c6 7. Bd3 b5 8. Qe3
b4 9. Na4 Qa5 10. b3 Be7 11. Bb2 O-O 12. O-O Re8 13. Kh1 Ng4 14. Qe2 Bf6 15.
Bxf6 Ndxf6 16. Rae1 Qh5 17. Qd2 Bb7 18. Kg1 c5 19. h3 Nh6 20. Ng5 Qh4 21. Qf2
Qxf2+ 22. Kxf2 Bc6 23. Nb2 Rad8 24. Nc4 Nh5 25. g3 f6 26. Nf3 Nf7 27. f5 Re7
28. Re2 g6 29. fxg6 hxg6 30. Rfe1 Kg7 31. h4 Nh6 32. Nh2 g5 33. Ne3 gxh4 34.
gxh4 Nf4 35. Rd2 Rde8 36. Rg1+ Kf8 37. Kf3 Nxd3 38. cxd3 f5 39. Kf4 fxe4 40. d4
Rf7+ 41. Kg3 Re6 42. Kg2 Ref6 43. dxc5 dxc5 44. Rf1 Nf5 45. Neg4 Nxh4+ 46. Kh3
Rxf1 47. Nxf1 Nf3 48. Rd6 Bd7 49. Nfe3 Ne5 50. Kh4 Nxg4 51. Nxg4 Ke7 52. Rd5
Rf4 53. Rg5 Rxg4+ 0-1

[Event "Zagreb Open 2010 Grupo B"]
[Site "Zagreb CRO"]
[Date "2010.02.25"]
[Round "1.9"]
[White "Vukovic, Ivo"]
[Black "Mesar, Darko"]
[Result "1-0"]
[WhiteElo "2220"]
[BlackElo "1994"]
[PlyCount "95"]
[EventDate "2010.02.25"]
[EventType "swiss"]
[EventRounds "9"]
[EventCountry "CRO"]
[Source "lmi"]
[SourceDate "2010.02.25"]

1. Nf3 Nf6 2. g3 g6 3. Bg2 Bg7 4. O-O O-O 5. c4 d6 6. Nc3 Nc6 7. d3 e5 8. Rb1
a5 9. a3 Ne7 10. Bd2 c6 11. Qc1 Re8 12. Bh6 Bh8 13. h3 Bd7 14. Bg5 h5 15. Bxf6
Bxf6 16. Ne4 Nc8 17. Nxf6+ Qxf6 18. Ng5 Bf5 19. e4 Be6 20. f4 exf4 21. Qxf4 Qe5
22. Rf2 Nb6 23. Rbf1 Rf8 24. Qe3 c5 25. h4 Qg7 26. Nxe6 fxe6 27. Bh3 Qe5 28.
Qh6 Qxg3+ 29. Rg2 Rxf1+ 30. Kxf1 Qxh3 31. Kg1 Qxg2+ 32. Kxg2 Re8 33. Qxg6+ Kf8
34. Qf6+ Kg8 35. Qf4 Nc8 36. e5 dxe5 37. Qxe5 b6 38. Qxh5 Re7 39. Qe5 Rg7+ 40.
Kf2 Rf7+ 41. Ke2 Kh7 42. Kd2 Re7 43. Qg5 Kh8 44. h5 Kh7 45. Qg6+ Kh8 46. h6 e5
47. h7 Rg7 48. Qe8+ 1-0

[Event "Zagreb Open 2010 Grupo B"]
[Site "Zagreb CRO"]
[Date "2010.02.25"]
[Round "1.10"]
[White "Radenovic, Stevo"]
[Black "Vrsek, Ivan"]
[Result "0-1"]
[WhiteElo "1988"]
[BlackElo "2217"]
[PlyCount "94"]
[EventDate "2010.02.25"]
[EventType "swiss"]
[EventRounds "9"]
[EventCountry "CRO"]
[Source "lmi"]
[SourceDate "2010.02.25"]

1. e4 e6 2. d4 d5 3. Nc3 Bb4 4. e5 Ne7 5. a3 Bxc3+ 6. bxc3 c5 7. f4 Nbc6 8. Nf3
Bd7 9. Bd3 Qa5 10. Bd2 c4 11. Be2 f6 12. Nh4 O-O-O 13. exf6 gxf6 14. O-O Ng6
15. Nf3 Nce7 16. Qb1 Qc7 17. Qc1 Nf5 18. a4 Rdg8 19. Kh1 Nd6 20. Be1 Rg7 21.
Nh4 Rhg8 22. Bf3 Ne4 23. a5 a6 24. Nxg6 Rxg6 25. g3 h5 26. Qe3 Bc6 27. Bxe4
dxe4 28. h4 Rd8 29. f5 exf5 30. Rxf5 Qd7 31. Qf4 Rg4 32. Qf1 e3+ 33. Kh2 Qh7
34. Rc1 Kb8 35. Rxf6 Qe4 36. Rf8 Re8 37. Rxe8+ Qxe8 38. Qxc4 Qe4 39. Qf1 Ka7
40. Qg1 Rg8 41. c4 Qxd4 42. c3 Qe4 43. Qf1 Rf8 44. Qg1 Ka8 45. g4 hxg4 46. Bg3
Rd8 47. Be1 g3+ 0-1

[Event "Zagreb Open 2010 Grupo B"]
[Site "Zagreb CRO"]
[Date "2010.02.25"]
[Round "1.11"]
[White "Mihalincic, Tomislav"]
[Black "Blazeka, Damjan"]
[Result "1/2-1/2"]
[WhiteElo "2215"]
[BlackElo "1982"]
[PlyCount "120"]
[EventDate "2010.02.25"]
[EventType "swiss"]
[EventRounds "9"]
[EventCountry "CRO"]
[Source "lmi"]
[SourceDate "2010.02.25"]

1. e4 c5 2. Nf3 e6 3. d4 cxd4 4. Nxd4 Nf6 5. Bd3 Nc6 6. Nb3 d5 7. exd5 Nxd5 8.
a3 Bd6 9. O-O O-O 10. Qh5 f5 11. Bg5 Nf6 12. Qe2 Qc7 13. f4 h6 14. Bxf6 Rxf6
15. Qf2 e5 16. Nc3 Be6 17. Nb5 Qe7 18. Nxd6 Qxd6 19. Nc5 e4 20. Be2 Nd4 21.
Nxe6 Nxe2+ 22. Qxe2 Qxe6 23. Qe3 Qb6 24. Qxb6 Rxb6 25. Rab1 Rd8 26. Rf2 Rbd6
27. Re2 Kf7 28. Kf2 Ke6 29. Ke3 Kd5 30. b3 Kc5 31. g4 fxg4 32. Rg1 h5 33. h3
gxh3 34. Rxg7 R8d7 35. Rxd7 Rxd7 36. Rh2 Kd5 37. Rxh3 Rh7 38. c4+ Ke6 39. Kxe4
h4 40. c5 Rh5 41. b4 a5 42. Kf3 axb4 43. axb4 Kf5 44. Rh1 h3 45. Kg3 h2 46. b5
Kg6 47. Rxh2 Rxc5 48. b6 Rb5 49. Kg4 Rxb6 50. f5+ Kg7 51. Kg5 Kf7 52. Rh7+ Kg8
53. Rc7 Kf8 54. Rd7 Kg8 55. Rd3 Kg7 56. Rc3 Kf7 57. Rc7+ Kg8 58. f6 Rb1 59. Kg6
Rg1+ 60. Kf5 Rf1+ 1/2-1/2

[Event "Zagreb Open 2010 Grupo B"]
[Site "Zagreb CRO"]
[Date "2010.02.25"]
[Round "1.12"]
[White "Vukelic, Zvonimir"]
[Black "Zecevic, Dean"]
[Result "0-1"]
[WhiteElo "1977"]
[BlackElo "2213"]
[PlyCount "60"]
[EventDate "2010.02.25"]
[EventType "swiss"]
[EventRounds "9"]
[EventCountry "CRO"]
[Source "lmi"]
[SourceDate "2010.02.25"]

1. e4 Nf6 2. d3 e5 3. Nc3 d5 4. exd5 Nxd5 5. Bd2 Nc6 6. g3 Be6 7. Bg2 Qd7 8.
Nge2 f6 9. O-O O-O-O 10. f4 h5 11. h4 Bc5+ 12. Kh2 exf4 13. Nxf4 Nxf4 14. Bxf4
g5 15. Ne4 gxf4 16. Nxc5 fxg3+ 17. Kh1 Qd4 18. Ne4 f5 19. c3 Qe5 20. d4 Nxd4
21. Ng5 Ne2 22. Qa4 Bd5 23. Rae1 a6 24. Nf3 Qf4 25. Qxf4 Nxf4 26. Re3 Rhe8 27.
Rfe1 Rxe3 28. Rxe3 Be4 29. Kg1 Rd1+ 30. Re1 Bxf3 0-1

[Event "Zagreb Open 2010 Grupo B"]
[Site "Zagreb CRO"]
[Date "2010.02.25"]
[Round "1.13"]
[White "Ribicic, Mate"]
[Black "Kovacevic, Krsto"]
[Result "0-1"]
[WhiteElo "2203"]
[BlackElo "1976"]
[PlyCount "82"]
[EventDate "2010.02.25"]
[EventType "swiss"]
[EventRounds "9"]
[EventCountry "CRO"]
[Source "lmi"]
[SourceDate "2010.02.25"]

1. d4 Nf6 2. c4 e6 3. Nc3 Bb4 4. e3 b6 5. Nge2 Bb7 6. a3 Be7 7. Nf4 d5 8. cxd5
exd5 9. Bb5+ c6 10. Be2 Nbd7 11. b4 O-O 12. O-O Bd6 13. Bf3 Re8 14. Nfe2 Ne4
15. Bxe4 dxe4 16. Ng3 Nf6 17. Bb2 Ba6 18. Re1 Bxg3 19. hxg3 Nd5 20. Qg4 Nxc3
21. Bxc3 Qd5 22. f4 h5 23. Qd1 Bc8 24. a4 Bg4 25. Qd2 Rad8 26. Qb2 f6 27. Rec1
Kf7 28. Ra3 Re7 29. Be1 Rc8 30. Rac3 Rec7 31. R3c2 Be6 32. Rc3 Qa2 33. Qxa2
Bxa2 34. a5 b5 35. Rc5 Bd5 36. a6 g6 37. g4 hxg4 38. f5 Bc4 39. Bg3 Rd7 40.
R5xc4 bxc4 41. b5 Rd5 0-1

[Event "Zagreb Open 2010 Grupo B"]
[Site "Zagreb CRO"]
[Date "2010.02.25"]
[Round "1.14"]
[White "Perusic, Boris"]
[Black "Strniscak, Tomislav"]
[Result "1/2-1/2"]
[WhiteElo "2202"]
[BlackElo "1975"]
[PlyCount "103"]
[EventDate "2010.02.25"]
[EventType "swiss"]
[EventRounds "9"]
[EventCountry "CRO"]
[Source "lmi"]
[SourceDate "2010.02.25"]

1. d4 d5 2. c4 dxc4 3. Nf3 Nf6 4. Nc3 a6 5. a4 c5 6. e3 Nc6 7. Bxc4 e6 8. O-O
Be7 9. b3 O-O 10. Ba3 cxd4 11. Bxe7 Qxe7 12. Nxd4 Bd7 13. Nxc6 Bxc6 14. Qe2
Rac8 15. Rac1 Nd7 16. Qb2 Ne5 17. Ne2 Qf6 18. Nd4 Rfd8 19. Be2 Ng6 20. Qb1 Bd5
21. Rxc8 Rxc8 22. Bf3 Bxf3 23. Nxf3 Qc3 24. Nd4 Qb4 25. h3 Rc3 26. Rc1 Rxc1+
27. Qxc1 h6 28. Qc8+ Kh7 29. Qc2 Kg8 30. Nxe6 fxe6 31. Qxg6 Qxb3 32. Qe8+ Kh7
33. Kh2 b5 34. axb5 axb5 35. g4 Qd5 36. g5 Qxg5 37. Qxe6 Qg6 38. Qb3 Qf5 39.
Kg3 Kg6 40. f4 h5 41. Kh4 Kh6 42. Qg8 b4 43. Qh8+ Kg6 44. Qe8+ Kh7 45. Qb8 Qc5
46. f5 Qe7+ 47. Kxh5 Qxe3 48. Qxb4 Qxh3+ 49. Kg5 Qg3+ 50. Kh5 Qe5 51. Qg4 Qh2+
52. Qh4 1/2-1/2

[Event "Zagreb Open 2010 Grupo B"]
[Site "Zagreb CRO"]
[Date "2010.02.25"]
[Round "1.15"]
[White "Sribar, Peter"]
[Black "Svec, Darko"]
[Result "1-0"]
[WhiteElo "2199"]
[BlackElo "1973"]
[PlyCount "81"]
[EventDate "2010.02.25"]
[EventType "swiss"]
[EventRounds "9"]
[EventCountry "CRO"]
[Source "lmi"]
[SourceDate "2010.02.25"]

1. b4 e5 2. Bb2 Bxb4 3. Bxe5 Nf6 4. c4 Nc6 5. Bb2 d5 6. cxd5 Qxd5 7. Nf3 Bg4 8.
e3 Bxf3 9. Qxf3 Ne4 10. Bb5 Bxd2+ 11. Nxd2 Qxd2+ 12. Kf1 Qxb2 13. Qxe4+ Kf8 14.
Rb1 Qxa2 15. Bxc6 bxc6 16. g3 Qd5 17. Qb4+ c5 18. Qb7 Qxb7 19. Rxb7 a5 20. Rxc7
g6 21. Ke2 Kg7 22. Ra1 Ra6 23. Ra4 Rb8 24. Rxc5 Rb2+ 25. Kf3 Rf6+ 26. Rf4 a4
27. Rxf6 Kxf6 28. Ra5 Ra2 29. h4 h5 30. e4 a3 31. Ke3 Ra1 32. Ra6+ Ke7 33. Kf4
a2 34. Kg5 Re1 35. Rxa2 Rxe4 36. Kh6 Re5 37. Kg7 Rf5 38. Re2+ Kd7 39. f4 Kd8
40. Kf8 f6 41. Kf7 1-0

[Event "Zagreb Open 2010 Grupo B"]
[Site "Zagreb CRO"]
[Date "2010.02.25"]
[Round "1.16"]
[White "Zigovecki, Vladimir"]
[Black "Kalajzic, Ivan"]
[Result "1/2-1/2"]
[WhiteElo "1968"]
[BlackElo "2198"]
[PlyCount "114"]
[EventDate "2010.02.25"]
[EventType "swiss"]
[EventRounds "9"]
[EventCountry "CRO"]
[Source "lmi"]
[SourceDate "2010.02.25"]

1. d4 Nc6 2. Nf3 d6 3. e4 Bg4 4. c3 Nf6 5. Bd3 e5 6. d5 Ne7 7. Be3 g6 8. h3 Bd7
9. Nbd2 Bg7 10. Rc1 O-O 11. c4 Ne8 12. c5 f5 13. Bg5 h6 14. Bxe7 Qxe7 15. Qb3
Bc8 16. Nc4 b6 17. cxd6 cxd6 18. O-O f4 19. Be2 h5 20. Nh2 Bh6 21. Nf3 Bg7 22.
Qa3 Rb8 23. Nh2 Rf7 24. Rc2 Bf8 25. Rfc1 Qd8 26. Nd2 Bd7 27. b4 Rc8 28. Rxc8
Bxc8 29. b5 Rc7 30. Nb3 Nf6 31. Bd3 g5 32. Rxc7 Qxc7 33. Qc1 Qd8 34. f3 g4 35.
hxg4 hxg4 36. fxg4 Nxg4 37. Nxg4 Bxg4 38. Nd2 Qh4 39. Qf1 Be7 40. Nf3 Qh7 41.
Qf2 Bf6 42. Qc2 Qg7 43. Kf1 Qh7 44. Kg1 Qg6 45. Be2 Kh7 46. Nh2 Bxe2 47. Qxe2
Bh4 48. Qg4 Bg3 49. Qxg6+ Kxg6 50. Nf3 Kh5 51. Kf1 Kg4 52. Nd2 Bh4 53. Nc4 Be7
54. Kf2 Bh4+ 55. Kf1 Be7 56. Kf2 Bh4+ 57. Kf1 Be7 1/2-1/2

[Event "Zagreb Open 2010 Grupo B"]
[Site "Zagreb CRO"]
[Date "2010.02.25"]
[Round "1.17"]
[White "Stocko, Josip"]
[Black "Gujic, Leonard"]
[Result "1-0"]
[WhiteElo "2194"]
[BlackElo "1962"]
[PlyCount "109"]
[EventDate "2010.02.25"]
[EventType "swiss"]
[EventRounds "9"]
[EventCountry "CRO"]
[Source "lmi"]
[SourceDate "2010.02.25"]

1. Nf3 e6 2. g3 d5 3. Bg2 Nf6 4. O-O Be7 5. d3 b6 6. Nbd2 Bb7 7. Re1 O-O 8. e4
dxe4 9. Ng5 Nbd7 10. Ngxe4 Nxe4 11. dxe4 e5 12. Nf3 f6 13. Nh4 g6 14. Qg4 Qe8
15. Bh6 Rf7 16. Bf1 Nc5 17. Bc4 Bc8 18. Bxf7+ Qxf7 19. Qf3 Qc4 20. Qe2 Qe6 21.
Be3 Ba6 22. Qf3 Nb7 23. Ng2 Nd6 24. Bd2 Bb7 25. Bb4 c5 26. Bc3 Qc4 27. Qd3 Qa4
28. f3 c4 29. b3 Qc6 30. Qd5+ Qxd5 31. exd5 Bxd5 32. f4 Bxg2 33. Kxg2 e4 34.
Bb4 Kf7 35. Bxd6 Bxd6 36. Rad1 Rd8 37. Rxe4 cxb3 38. axb3 f5 39. Red4 Ke7 40.
b4 b5 41. Rd5 a6 42. Ra1 Ke6 43. Rd3 Ke7 44. Rxa6 Bxb4 45. Ra7+ Ke8 46. Rxd8+
Kxd8 47. Rxh7 Bc3 48. Rh6 Ke7 49. Rxg6 Kf7 50. Rc6 b4 51. Kf3 Ke7 52. h3 Kf7
53. g4 fxg4+ 54. hxg4 Bd2 55. g5 1-0

[Event "Zagreb Open 2010 Grupo B"]
[Site "Zagreb CRO"]
[Date "2010.02.25"]
[Round "1.18"]
[White "Matana, Zoran"]
[Black "Frank, Vladimir"]
[Result "0-1"]
[WhiteElo "1960"]
[BlackElo "2194"]
[PlyCount "68"]
[EventDate "2010.02.25"]
[EventType "swiss"]
[EventRounds "9"]
[EventCountry "CRO"]
[Source "lmi"]
[SourceDate "2010.02.25"]

1. d4 Nf6 2. c4 e6 3. Nc3 Bb4 4. Bd2 O-O 5. Nf3 b6 6. e3 Bb7 7. Bd3 Bxc3 8.
Bxc3 Ne4 9. O-O d6 10. Nd2 Nxc3 11. bxc3 f5 12. e4 Nd7 13. Qc2 f4 14. f3 e5 15.
Nb3 Qe7 16. g4 fxg3 17. hxg3 Rf6 18. Rf2 Raf8 19. Raf1 Rg6 20. Rg2 Nf6 21. Kf2
exd4 22. Nxd4 Ng4+ 23. Ke2 Ne5 24. Nf5 Qe6 25. Ke1 Nxd3+ 26. Kd2 Nc5 27. Re2
Ba6 28. Rh1 Bxc4 29. Re3 Rxf5 30. exf5 Qd5+ 31. Kc1 Nd3+ 32. Kb1 Rxg3 33. Qh2
Qb5+ 34. Ka1 Rh3 0-1

[Event "Zagreb Open 2010 Grupo B"]
[Site "Zagreb CRO"]
[Date "2010.02.25"]
[Round "1.19"]
[White "Mravunac, Damir"]
[Black "Orincic, Damir"]
[Result "1-0"]
[WhiteElo "2193"]
[BlackElo "1958"]
[PlyCount "113"]
[EventDate "2010.02.25"]
[EventType "swiss"]
[EventRounds "9"]
[EventCountry "CRO"]
[Source "lmi"]
[SourceDate "2010.02.25"]

1. e4 c6 2. d4 d5 3. exd5 cxd5 4. c4 Nf6 5. Nc3 e6 6. Bg5 Be7 7. Nf3 O-O 8. c5
Ne4 9. Bxe7 Qxe7 10. Qc1 Nc6 11. Bb5 Bd7 12. O-O Rfc8 13. Bxc6 Bxc6 14. b4 a5
15. a3 b5 16. Ne5 Be8 17. Re1 f6 18. Nd3 Bc6 19. f3 Nxc3 20. Qxc3 axb4 21. axb4
Qd7 22. Nf4 Rxa1 23. Qxa1 Re8 24. Re2 Qc8 25. h4 Bd7 26. Ra2 Qc7 27. g3 Bc6 28.
Ra7 Bb7 29. Qa6 Qxf4 30. gxf4 Bxa6 31. Rxa6 e5 32. fxe5 fxe5 33. dxe5 Rxe5 34.
Kf2 Kf7 35. Rb6 Ke7 36. Rb7+ Kf6 37. Rxb5 Re7 38. Rb6+ Ke5 39. Ke3 d4+ 40. Kd3
Rf7 41. Rd6 Rxf3+ 42. Kc4 Rc3+ 43. Kb5 Rh3 44. Kc6 Rxh4 45. b5 Rh3 46. b6 Rb3
47. b7 g5 48. Rd5+ Ke4 49. Rxg5 d3 50. Rg4+ Kf3 51. Rh4 Ke2 52. Rxh7 d2 53.
Rh2+ Ke1 54. Kc7 d1=Q 55. Rh1+ Ke2 56. Rxd1 Kxd1 57. c6 1-0

[Event "Zagreb Open 2010 Grupo B"]
[Site "Zagreb CRO"]
[Date "2010.02.25"]
[Round "1.20"]
[White "Krizanovic, Ante"]
[Black "Dulic, Grgur"]
[Result "0-1"]
[WhiteElo "1956"]
[BlackElo "2192"]
[PlyCount "64"]
[EventDate "2010.02.25"]
[EventType "swiss"]
[EventRounds "9"]
[EventCountry "CRO"]
[Source "lmi"]
[SourceDate "2010.02.25"]

1. e4 c5 2. Nc3 Nc6 3. f4 e6 4. Nf3 g6 5. Bb5 Bg7 6. Bxc6 bxc6 7. e5 d5 8. exd6
Qxd6 9. Ne4 Qd5 10. d3 c4 11. O-O Ba6 12. Re1 cxd3 13. c4 Bxc4 14. Qa4 Rd8 15.
Bd2 Bb5 16. Qa3 Nf6 17. Neg5 h6 18. Re5 Qd7 19. Nxf7 Qxf7 20. Rae1 Bc4 21. Qc5
Bd5 22. Rxe6+ Bxe6 23. Qxc6+ Kf8 24. Rxe6 Re8 25. Rxe8+ Nxe8 26. Nh4 Bf6 27.
Bc3 Kg7 28. f5 Bxc3 29. Qxc3+ Qf6 30. Qxd3 Qxh4 31. Qd7+ Kf8 32. g3 Qe7 0-1

[Event "Zagreb Open 2010 Grupo B"]
[Site "Zagreb CRO"]
[Date "2010.02.26"]
[Round "2.1"]
[White "Havas, Janko"]
[Black "Kristovic, Marijan"]
[Result "0-1"]
[WhiteElo "2090"]
[BlackElo "2294"]
[PlyCount "64"]
[EventDate "2010.02.25"]
[EventType "swiss"]
[EventRounds "9"]
[EventCountry "CRO"]
[Source "lmi"]
[SourceDate "2010.02.25"]

1. d4 Nf6 2. Nf3 b6 3. c4 e6 4. a3 Bb7 5. Nc3 d5 6. cxd5 Nxd5 7. e3 Nd7 8. Bd3
Nxc3 9. bxc3 Bd6 10. O-O e5 11. e4 h6 12. Qa4 c6 13. Bb2 O-O 14. Rad1 Qc7 15.
g3 Rfd8 16. Rfe1 Rac8 17. Bf1 c5 18. dxe5 Nxe5 19. Nxe5 Bxe5 20. f4 Bf6 21. Bh3
Rb8 22. Bg2 a6 23. e5 b5 24. Qc2 Bxg2 25. Qxg2 Be7 26. Qe4 c4 27. e6 Qb6+ 28.
Kg2 Qxe6 29. Qf3 Qf6 30. Re5 Rxd1 31. Qxd1 Rd8 32. Rd5 Qc6 0-1

[Event "Zagreb Open 2010 Grupo B"]
[Site "Zagreb CRO"]
[Date "2010.02.26"]
[Round "2.2"]
[White "Durovic, Goran"]
[Black "Jakovljevski, Radivoje"]
[Result "0-1"]
[WhiteElo "2276"]
[BlackElo "2089"]
[PlyCount "96"]
[EventDate "2010.02.25"]
[EventType "swiss"]
[EventRounds "9"]
[EventCountry "CRO"]
[Source "lmi"]
[SourceDate "2010.02.25"]

1. Nf3 Nf6 2. c4 e6 3. g3 d5 4. Bg2 Be7 5. O-O O-O 6. d4 Nbd7 7. Qc2 c6 8. Nbd2
Qc7 9. e4 dxe4 10. Nxe4 Nxe4 11. Qxe4 Nf6 12. Qe2 Re8 13. Bf4 Qa5 14. Ne5 Nd7
15. a3 Nxe5 16. Bxe5 Qd8 17. Rfd1 f6 18. Bf4 Bd6 19. Bxd6 Qxd6 20. b4 Bd7 21.
c5 Qc7 22. a4 Rad8 23. h4 Qc8 24. Qc4 Kh8 25. b5 Re7 26. b6 a6 27. Re1 Be8 28.
Bf3 Bf7 29. Qc3 Rde8 30. Re3 Qd8 31. Rae1 Rd7 32. Re4 e5 33. Bg4 exd4 34. Rxe8+
Bxe8 35. Qd2 Rd5 36. Qf4 d3 37. Qc7 d2 38. Rd1 Bg6 39. Qxb7 Bc2 40. Qxc6 Bxd1
41. Bxd1 Re5 42. b7 Re1+ 43. Kh2 Rxd1 44. Qc8 Rh1+ 45. Kxh1 d1=Q+ 46. Kh2 Q1d2
47. Kg1 Qe1+ 48. Kg2 Qde8 0-1

[Event "Zagreb Open 2010 Grupo B"]
[Site "Zagreb CRO"]
[Date "2010.02.26"]
[Round "2.3"]
[White "Jakupec, Denis"]
[Black "Petrovic, Zvonko"]
[Result "1-0"]
[WhiteElo "2090"]
[BlackElo "2262"]
[PlyCount "85"]
[EventDate "2010.02.25"]
[EventType "swiss"]
[EventRounds "9"]
[EventCountry "CRO"]
[Source "lmi"]
[SourceDate "2010.02.25"]

1. d4 Nf6 2. Nf3 g6 3. c4 Bg7 4. Nc3 c5 5. e4 cxd4 6. Nxd4 d6 7. Be2 O-O 8. O-O
Nc6 9. Be3 Bd7 10. Qd2 a6 11. f3 Rc8 12. Rfc1 Qa5 13. Rab1 Rfd8 14. Nb3 Qh5 15.
Nd5 Nxd5 16. cxd5 Nb8 17. Rxc8 Bxc8 18. Rc1 f5 19. exf5 Qxf5 20. Bd3 Qf7 21.
Nd4 Kh8 22. Be4 e5 23. dxe6 Bxe6 24. Nxe6 Qxe6 25. Rc7 Nc6 26. Bd5 Qe8 27. Rxb7
Ne5 28. Bd4 Qa4 29. Bc3 Rf8 30. g3 Qe8 31. f4 Nf7 32. Kf2 h5 33. Bxg7+ Kxg7 34.
Qc3+ Kh6 35. b3 Ne5 36. h3 h4 37. Qc7 hxg3+ 38. Kxg3 Nf7 39. Qe7 Qxe7 40. Rxe7
Nh8 41. Rd7 Rf6 42. Kg4 a5 43. h4 1-0

[Event "Zagreb Open 2010 Grupo B"]
[Site "Zagreb CRO"]
[Date "2010.02.26"]
[Round "2.4"]
[White "Mihalinec, Damir"]
[Black "Blazeka, Matej"]
[Result "1-0"]
[WhiteElo "2232"]
[BlackElo "2085"]
[PlyCount "135"]
[EventDate "2010.02.25"]
[EventType "swiss"]
[EventRounds "9"]
[EventCountry "CRO"]
[Source "lmi"]
[SourceDate "2010.02.25"]

1. e4 e5 2. Nf3 Nc6 3. Bb5 a6 4. Ba4 Nf6 5. O-O Be7 6. Re1 b5 7. Bb3 d6 8. c3
O-O 9. h3 Na5 10. Bc2 c5 11. d4 Qc7 12. b3 Nc6 13. d5 Nd8 14. a4 Rb8 15. Nbd2
Ne8 16. g4 g6 17. Nf1 Ng7 18. axb5 axb5 19. Ng3 f6 20. Qe2 Nf7 21. Kg2 Bd7 22.
Bd3 Qb7 23. Be3 Ra8 24. Nd2 Kh8 25. f3 Rg8 26. Kh2 Ra6 27. h4 Rga8 28. Qf1 Rxa1
29. Rxa1 Rxa1 30. Qxa1 Bd8 31. Nb1 Qc7 32. Qa6 Qa5 33. Qb7 Be8 34. Ne2 Qa2 35.
Nd2 Qa5 36. Kg2 Kg8 37. Bf2 Bc7 38. Nb1 Bd7 39. b4 Qb6 40. Qa8+ Nd8 41. Na3 Kf7
42. c4 bxc4 43. bxc5 dxc5 44. Nxc4 Qb4 45. Qa7 Nb7 46. Nc1 Ne8 47. Bf1 Ke7 48.
Nd3 Qxc4 49. Qxb7 Qb5 50. Bxc5+ Bd6 51. Qa7 Qa4 52. Bxd6+ Nxd6 53. Qxa4 Bxa4
54. Nc5 Bd7 55. Kf2 h6 56. Ke3 g5 57. hxg5 hxg5 58. Ba6 Kd8 59. Kd3 Kc7 60. Kc3
Be8 61. Kb4 Kb6 62. Bd3 Nb5 63. Ne6 Nd6 64. Ng7 Bg6 65. Nh5 f5 66. exf5 Bf7 67.
Nf6 Nb7 68. Bc4 1-0